000 02223cam a22004694i 4500
003 PE-LiUPU
005 20250731173509.0
008 150623s r 000 0 d
020 _a0802880495
035 _a(Sirsi) i9780802880499
040 _aPE-LiUPU
_bspa
_cPE-LiUPU
_erda
049 _aPRUA
082 0 4 _a270.9
_bS311977
_221
100 1 _aSchaff, Philip,
_eautor.
245 1 0 _aHistory of the christian church.
_n3,Nicene and Post-Nicene Christianity /
_cPhilip Schaff.
264 1 _aMichigan :
_bWm. B. Eerdmans Publishing Company,
_c1977.
300 _a1049 páginas ;
_c22 centímetros
336 _atext
_2rdacontent
337 _aunmediated
_2rdamedia
338 _avolume
_2rdacarrier
505 0 _aDownfall of heathernism and victory of christianity in the roman empire. The literary triump of christianity over greek and roman heathenism. Alliance of chruch and state, and its influence on public morals and religion. Sources and literature. The hierarchy and polity of the church. church discipline and schisms. Public worship and religious customs and ceremonies. Christian art. Theology. Church fathers, and theological literature.
526 _aSEG42
526 _aSEG41
526 _aSEG40
526 _aSEG39
526 _aP94
526 _aP87
526 _aP86
526 _aP85
526 _aP77
526 _aP76
526 _aP35
650 0 4 _aIglesia
_xHistoria
_yDespués de Nicea, 311-600 d. C.
942 _2ddc
_cBOOK
949 _a270.9 S31 3 1977
_wDEWEY
_c1
_i52954
_lCCODEBUL1
_mBUL
_p25.00
_r0
_sY
_tBOOK
_u2015-6-24
_xTEOLOGIA
_PP35
_0COMPRA
_o.STAFF. Colección General
949 _a270.9 S31 3
_wDEWEY
_c1
_i40753
_lCCODEBUL1
_mBUL
_r0
_sY
_tBOOK
_u2015-6-16
_xTEOLOGIA
_zUNKNOWN
_0COMPRA
_o.STAFF. Colección General
994 _aC0
_bPEPRU
596 _a1
999 _a270.9 S31 3
_wDEWEY
_c58541
_i40753
_f2021-11-11
_g5
_lCCODEBUL1
_mBUL
_r0
_sY
_tBOOK
_u2015-6-16
_xTEOLOGIA
_zUNKNOWN
_0COMPRA
_o.STAFF. Colección General
_d58541
999 _a270.9 S31 3 1977
_wDEWEY
_c1
_i52954
_f2021-11-11
_g5
_lCCODEBUL1
_mBUL
_p25.00
_r0
_sY
_tBOOK
_u2015-6-24
_xTEOLOGIA
_PP35
_0COMPRA
_o.STAFF. Colección General
980 _81
_gALBERTO SANCHEZ Responsable de Automatización